Identify planet - Statistics

General Stats
  • This quiz has been taken 6 times
  • The average score is 6 of 14
Answer Stats
Hint Answer % Correct
Blue planet Earth
67%
Looks like a red ball Mars
67%
Twin of our planet Venus
67%
Least moons but smaller Mercury
50%
Home to the Yang-Yang moon Saturn
50%
Oldest Jupiter
33%
Has 95 moons in total ( According to November 2025 ) Jupiter
33%
Captured a moon Neptune
33%
Has an orbital period of 84 earth years Uranus
33%
Discovered first by a telescope Uranus
33%
Has Thickest atmosphere Venus
33%
Crashed with Theia Earth
17%
Most rings Uranus
17%
Has a diameter of 12104 km Venus
17%
No matching quizzes found
Score Distribution
Percent of People with Each Score
Percentile by Number Answered
Your Score History
You have not taken this quiz